[Event "V Floripa Chess Open 2019"]
[Site "Florianopolis/SC"]
[Date "2019.01.27"]
[Round "10.140"]
[White "Dos Passos, Edinaldo Pincanco"]
[Black "Vicenzi, Liziane Nathalia"]
[Result "1-0"]
[WhiteElo "1710"]
[BlackElo "1488"]
[PlyCount "75"]
[EventDate "2019.01.21"]
[EventRounds "10"]
[EventCountry "BRA"]

1. e4 c5 2. Nf3 d6 3. d3 Nf6 4. g3 Bg4 5. Bg2 Nc6 6. Nbd2 Qd7 7. h3 Bh5 8. O-O O-O-O 9. c3 g5 10. g4 Bg6 11. Nxg5 h6 12. Ngf3 h5 13. g5 Nh7 14. h4 f6 15. Kh2 fxg5 16. Nxg5 Nxg5 17. hxg5 Ne5 18. Qb3 Ng4+ 19. Kg1 Kb8 20. Nc4 Qc7 21. d4 d5 22. Ne5 c4 23. Qa4 Nxe5 24. dxe5 Qxe5 25. Be3 b6 26. Bd4 Qxg5 27. Bxh8 Bxe4 28. f3 Bd3 29. Rfe1 e6 30. Be5+ Kb7 31. Bh2 Bc5+ 32. Kh1 Rg8 33. Qd7+ Ka6 34. Rg1 Qh4 35. Qxe6 Rg3 36. b4 cxb3 37. axb3+ Kb5 38. Qd7# 1-0